Basic complex analysis

Αποθηκεύτηκε σε:
Λεπτομέρειες βιβλιογραφικής εγγραφής
Κύριος συγγραφέας: Simon, Barry, 1946-
Μορφή: Βιβλίο
Γλώσσα:English
Δημοσίευση: Providence, Rhode Island : American Mathematical Society, c2015.
Σειρά:(A comprehensive course in analysis ; 2Α)
Θέματα:
Ετικέτες: Προσθήκη ετικέτας
Δεν υπάρχουν, Καταχωρήστε ετικέτα πρώτοι!

MARC

LEADER 00000cam a2200000 a 4500
001 1/111202
008 160630t2015####riu| ||| |||| ||eng||
020 |a 9781470411008  
040 |a GR-MyUa  |b gre  |c GR-MyUa  |e AACR2 
041 0 |a eng 
082 7 |a 515   |2 (23)  
100 1 |a Simon, Barry,   |d 1946- 
245 1 0 |a Basic complex analysis /   |c Barry Simon.  
260 |a Providence, Rhode Island :   |b American Mathematical Society,   |c c2015.  
300 |a xviii, 641 σ. :   |b σχέδια ;   |c 27 εκ.  
490 0 |a (A comprehensive course in analysis ;   |v 2Α)  
504 |a Βιβλιογραφία: σ. 591-622. Ευρετήρια.  
650 0 |a Mathematical analysis  |x Textbooks. 
852 |a INST  |b SAMOS  |e 20160630  |h 515 SIM  |p 005300043662  |q 005300043662  |t BK  |y 0 
922 |a 3ΕΛΗ  |b 201606  |c Τμήμα Μαθηματικών  |d Διαδρομές 
970 |a Κοσιέρης  |b Χρήστος  |z 30-06-2016